| 000 | 00408nam a22001337a 4500 | ||
|---|---|---|---|
| 082 |
_a692.5 _bSCH _cL-39, P-182 |
||
| 100 |
_aSchuette, Stephen D. & Liska _946217 |
||
| 245 |
_aBuilding construction estimating _cStephen D. Schuette Roger W.Liska |
||
| 260 |
_aNew York _bMcGraw-Hill, Inc _c1994 |
||
| 300 | _axvi, 346 p. | ||
| 526 |
_a0 _b0 _c0 _d692_500000000000000_SCH |
||
| 650 |
_aMCE _9379 |
||
| 942 |
_2ddc _cBK |
||
| 999 |
_c549569 _d549569 |
||